Holisticky aj v ambulanciách

Bibliographic Details
Main Author: Lunterová, Jaroslava (Author)
Format: Article
Language:Slovak

MARC

LEADER 00000nab a2200000ua 4500
001 vtls010777067
003 SK-MaSNL
005 20260303151919.0
008 230222s2009 xo |||||||||||||||||slo|
035 |a (urnnbn)urn:nbn:sk:snk:ar-a069vv 
035 |a (uuid)aa8dc1dd-9341-4bf3-82e0-d9dfe9c466ec 
035 |a urn:nbn:sk:snk-ab4xcu 
040 |a SNKBUCL  |b slo  |c SNKBUCL  |e AACR2 
041 0 |a slo 
044 |a xo  |c SK 
100 1 |a Lunterová, Jaroslava  |4 aut  |9 1164235 
245 1 0 |a Holisticky aj v ambulanciách  |c Jaroslava Lunterová 
773 0 |t Sestra a lekár v praxi : časopis pre sestry, lekárov a iných zdravotníckych pracovníkov  |g Roč. 8, č. 3-4 (2009), s. 11 
954 |a odborná, vedecká literatúra pôvodná (slovenská)  |2 lita 
958 |a OND 
958 |a EUIPO 
958 |a article3 
999 |c 2020607  |d 2022537